|
|
|
|
| LEADER |
01647njm a2200481 a 4500 |
| 001 |
000266897 |
| 003 |
CZ BrMZK |
| 005 |
19990101143423.0 |
| 008 |
980105s1997 xr f und d |
| 028 |
0 |
3 |
|a LT 0055-2 0531
|b Lotos
|
| 040 |
|
|
|a BOA001
|b cze
|
| 080 |
|
|
|a 784.4"199"(086.7)
|2 MRF
|
| 100 |
1 |
|
|a Viklický, Emil,
|d 1948-
|7 jn19990010022
|4 prf
|
| 245 |
1 |
0 |
|a Duets
|h [zvukový záznam] /
|c Emil Viklický.
|
| 246 |
3 |
3 |
|a Ghost od a chance
|
| 246 |
3 |
3 |
|a Morning song
|
| 246 |
3 |
3 |
|a My one and omly love
|
| 246 |
3 |
3 |
|a Searching for the blues
|
| 246 |
3 |
3 |
|a Song for J.H.
|
| 246 |
3 |
3 |
|a Through the looking glass
|
| 246 |
3 |
3 |
|a <<A >>wave goodbye
|
| 246 |
3 |
3 |
|a Detour ahead
|
| 246 |
3 |
3 |
|a Fanoshu
|
| 246 |
3 |
3 |
|a Flower is a lovesome thing
|
| 260 |
|
|
|a Praha :
|b Lotos,
|c p1997
|
| 300 |
|
|
|a 1 CD :
|b DDD ;
|c 12 cm +
|e 1 složený list.
|
| 306 |
|
|
|a 005641
|
| 500 |
|
|
|a Text v doprovod. mater. vícejaz.
|
| 500 |
|
|
|a Nahr. neuv
|
| 500 |
|
|
|a Durata 56:41
|
| 505 |
2 |
|
|a Fanoshu, Detour ahead, Morning song ... [et al.]
|
| 511 |
0 |
|
|a Gergely Ittzés, flétna ... [et al.]
|
| 511 |
0 |
|
|a Anita Wardell, zpěv; Greg Hopkins, trubka
|
| 653 |
0 |
|
|a jazzová hudba
|a jazzové písně
|
| 700 |
1 |
|
|a Marienthal, Eric,
|d 1957-
|7 xx0029722
|4 prf
|
| 700 |
1 |
|
|a Nicholas, Julian,
|d 1965-
|7 jn20031219013
|4 prf
|
| 700 |
1 |
|
|a Wardel, Anita
|4 prf
|
| 700 |
1 |
|
|a Hopkins, Greg
|4 prf
|
| 700 |
1 |
|
|a Ittzés, Gergely,
|d 1969-
|7 jn20010601686
|4 prf
|
| 910 |
|
|
|a BOA001
|b CD-0007.258
|
| 964 |
|
|
|a Hudba jazzová
|z stol.20.,léta 90.
|x CD
|
| 990 |
|
|
|a AV
|
| 996 |
6 |
|
|b 261H007759
|c CD-0007.258
|l MZK
|r Sklad / do 24 hodin
|n 0
|p p.v.
|w 000266897
|u 000010
|a 1
|e BOA001
|j MZK50
|s P
|